Muslihat iblis mengoda manusia

Bibliographic Details
Other Authors: Amina Hj. Noor
Format: Book
Published: Kuala Lumpur : Medialine , 2001
Series:Bimbingan muslim
Subjects:

MARC

LEADER 00000cam a2200000 7i4500
001 0000096014
005 20051107.0
020 |a 9839502921 
090 0 0 |a 297.16   |b MUS 
245 1 0 |a Muslihat iblis mengoda manusia   |c Amina Haji Noor 
260 |a Kuala Lumpur :   |b Medialine ,   |c 2001 
300 |a 141p. ;   |c 22cm. 
490 0 |a Bimbingan muslim 
650 0 0 |a Devil (Islam) 
700 0 |a Amina Hj. Noor 
999 |a 00187074   |b BUKU   |c PINJAMAN   |e PERPUSTAKAAN KOMUNITI PETALING JAYA